000 00507nam a22001817a 4500
003 UA-OsUOA
001 6478
007 ta
008 20040524b un ||||| |||| 00| 0 ukr d
100 _aЯроцький П.
942 _cSA
040 _aUA-OsUOA
_cUA-OsUOA
_dUA-OsUOA
245 _aРелігійний фактор у сучасній Україні
300 _aС.2 - 8
955 _a0
773 0 _w0
_tЛюдина і світ
_d2004
_d№4
650 7 _aРелігія і суспільство
_2UDC
999 _c292639
_d292639